| 000 -LEADER |
| fixed length control field |
00443pab a2200157 454500 |
| 008 - FIXED-LENGTH DATA ELEMENTS--GENERAL INFORMATION |
| fixed length control field |
180718b2004 xxu||||| |||| 00| 0 eng d |
| 100 ## - MAIN ENTRY--PERSONAL NAME |
| Personal name |
Rattan, Neelam |
| 245 ## - TITLE STATEMENT |
| Title |
Women's role, status and empowerment: a study of female students' perception |
| 260 ## - PUBLICATION, DISTRIBUTION, ETC. |
| Date of publication, distribution, etc. |
2004 |
| 300 ## - PHYSICAL DESCRIPTION |
| Extent |
p.64-93. |
| 650 ## - SUBJECT ADDED ENTRY--TOPICAL TERM |
| Topical term or geographic name entry element |
Womens status |
| 700 ## - ADDED ENTRY--PERSONAL NAME |
| Personal name |
Bhandari, Anuradha |
| 700 ## - ADDED ENTRY--PERSONAL NAME |
| Personal name |
Upmanyu, V.V. |
| 773 ## - HOST ITEM ENTRY |
| Main entry heading |
Research Journal Social Sciences |
| 909 ## - |
| -- |
68122 |